Normal view
MARC view
Entry Personal Name
001 - CONTROL NUMBER
- control field: 10199
003 - CONTROL NUMBER IDENTIFIER
- control field: OSt
005 - DATE AND TIME OF LATEST TRANSACTION
- control field: 20130516121625.0
008 - FIXED-LENGTH DATA ELEMENTS
- fixed length control field: 130516|| aca||aabn | a|a d
040 ## - CATALOGING SOURCE
- Original cataloging agency: OSt
- Transcribing agency: OSt
100 ## - HEADING--PERSONAL NAME
- Personal name: Perlman, Mark,
- Dates associated with a name: 1923-2006,
- Relator term: editor.
670 ## - SOURCE DATA FOUND
- Source citation: Work cat.: (OSt)0: Contemporary economics; selected readings,, 1967.